Normal view
MARC view
- A lucky Piolt
Entry Uniform Title
001 - CONTROL NUMBER
- control field: 1504
003 - CONTROL NUMBER IDENTIFIER
- control field: NUST
005 - DATE AND TIME OF LATEST TRANSACTION
- control field: 20170529122602.0
008 - FIXED-LENGTH DATA ELEMENTS
- fixed length control field: 170529|| aca||aabn | a|a d
040 ## - CATALOGING SOURCE
- Original cataloging agency: NUST
- Transcribing agency: NUST
130 ## - HEADING--UNIFORM TITLE
- Uniform title: A lucky Piolt
670 ## - SOURCE DATA FOUND
- Source citation: Work cat.: (NUST)24251: Lanky Ahmad 1503, A lucky Piolt
